000 00697nam a2200253Ia 4500
001 6462
005 20240113233919.0
007 ta
008 050627s1980 a g b000 u eng u
040 _aCotton College,Assam
041 _aeng
082 _a515.4
_bVa 44 In
100 _aVasistha, A.R. .
245 0 _aIntegral Transforns /
_cA.R. Vasistha, R.K. Gupta.
_hTextual Documents
250 _a1st ed. /
260 _aMeerut :
_bKrishna Prakashan Media ,
_c1980.
300 _axii, 308p. :
_bill. ;
_c22cm .
653 _aStatistics-Integral Transforns
653 _aPG-Statistics
700 _aGupta, R.K. .
942 _2ddc
_cBK
999 _c6449
_d6449